| 000 | 01539nam a2200409 c 4500 | ||
|---|---|---|---|
| 003 | BLK | ||
| 005 | 20180420232403.0 | ||
| 008 | 180409b bul|||||r ||||||| ||bul|| | ||
| 010 | _aKNG00137117000 | ||
| 040 | _aBLK | ||
| 041 |
_aBUL _cBUL |
||
| 072 | 7 |
_2bullib _aН86 _xДетска отраслова литература Н |
|
| 080 |
_aАвиомоделизъм _b629.73.001.57 _x:087.5 _z629.73.001.57:087.5 |
||
| 080 |
_aДекоративна хартия. Тапети _b745.54 _x:087.5 _z745.54:087.5 |
||
| 700 | 1 |
_aТюдор, Анди _eхудож. _9322659 |
|
| 139 |
_a[Сто] 100 самолета от хартия _bС 77 |
||
| 245 | 1 | 0 |
_a[Сто] 100 самолета от хартия _cхудож. Анди Тюдор. |
| 257 | _aGBR | ||
| 260 |
_аСофия _bФют _c2012 |
||
| 300 |
_a100 л. _bцв. ил. _c20Х16 см _e1 брош. : 4 л. |
||
| 380 | _aDX | ||
| 500 | _aОриг. загл. 100 Paper Planes to Fly. - 100 отд. л. в папка. | ||
| 650 | 4 |
_aАвиомоделизъм _9146223 |
|
| 650 | 4 |
_aХартия - приложно и декоративно изкуство _9322660 |
|
| 650 | 4 |
_aОригами _9165177 |
|
| 653 | _aавиомоделизъм | ||
| 653 | _aсамолети | ||
| 653 | _aоригами | ||
| 653 | _aлитература за деца | ||
| 653 | _aдетска литература | ||
| 659 | _aН | ||
| 852 | _aЦб 257381 | ||
| 856 | 4 |
_qpdf _u |
|
| 856 | 4 |
_qpdf _u |
|
| 942 |
_cKNG _n0 |
||
| 944 |
_aCR _c11.12.2012 _lф / _kЛюдмила_Стоянова |
||
| 944 |
_aED _c10.09.2013 _lф / _k |
||
| 999 |
_c131305 _d131305 |
||